[Event "ICC tourney 1897 (3 2)"]
[Site "Internet Chess Club"]
[Date "2020.07.03"]
[Round "2"]
[White "kapish"]
[Black "ganzy"]
[Result "1-0"]
[WhiteElo "1761"]
[BlackElo "1350"]
[PlyCount "29"]
[EventDate "2020.??.??"]

1. d4 Nf6 2. c4 e6 3. Nc3 Be7 4. e4 O-O 5. Nf3 d5 6. e5 Ne4 7. Bd3 Nxc3 8. bxc3
c5 9. h4 Nc6 10. Bxh7+ Kxh7 11. Ng5+ Bxg5 12. hxg5+ Kg6 13. Qh5+ Kf5 14. g6+
Ke4 15. Qf3# 1-0

[Event "ICC tourney 1897 (3 2)"]
[Site "Internet Chess Club"]
[Date "2020.07.03"]
[Round "1"]
[White "davika21"]
[Black "kapish"]
[Result "1-0"]
[WhiteElo "1655"]
[BlackElo "1761"]
[PlyCount "45"]
[EventDate "2020.??.??"]

1. e4 e6 2. d3 d5 3. Nd2 Nf6 4. Ngf3 c5 5. g3 Nc6 6. Bg2 Be7 7. O-O O-O 8. Re1
b6 9. e5 Nd7 10. Nf1 a5 11. h4 Qc7 12. Bf4 Ba6 13. h5 a4 14. Ne3 Qa7 15. Ng4 c4
16. dxc4 Bxc4 17. b3 Bb5 18. Bg5 Rac8 19. Bxe7 Nxe7 20. h6 g6 21. Nd4 Qa5 22.
Qf3 Nc5 23. Qf6 1-0

[Event "ICC tourney 1897 (3 2)"]
[Site "Internet Chess Club"]
[Date "2020.07.03"]
[Round "8"]
[White "nicochasin"]
[Black "londonkid"]
[Result "0-1"]
[WhiteElo "1737"]
[BlackElo "1808"]
[PlyCount "48"]
[EventDate "2020.??.??"]

1. e4 e6 2. d4 d5 3. Nc3 Nf6 4. Bg5 dxe4 5. Nxe4 Nbd7 6. Nf3 Be7 7. Nxf6+ Nxf6
8. Bd3 b6 9. O-O Bb7 10. Ne5 O-O 11. c3 c5 12. dxc5 bxc5 13. Qe2 Qc7 14. Rad1
Rad8 15. Bh4 Rd5 16. Bg3 Bd6 17. Rfe1 Rd8 18. Bc4 Rxd1 19. Rxd1 Bxe5 20. Bxe5
Rxd1+ 21. Qxd1 Qd7 22. Qxd7 Nxd7 23. Bd6 Bd5 24. Bb5 Nb6 0-1

[Event "ICC tourney 1897 (3 2)"]
[Site "Internet Chess Club"]
[Date "2020.07.03"]
[Round "7"]
[White "Goran21"]
[Black "nicochasin"]
[Result "1-0"]
[WhiteElo "1688"]
[BlackElo "1752"]
[PlyCount "93"]
[EventDate "2020.??.??"]

1. e4 c5 2. Nf3 e6 3. d3 Nc6 4. g3 g6 5. Bg5 Qb6 6. Bc1 Bg7 7. Nbd2 d5 8. Bg2
Nge7 9. O-O O-O 10. c3 Rd8 11. Qe2 Qa6 12. e5 b6 13. Re1 Bb7 14. h4 b5 15. Nf1
b4 16. Bf4 Rac8 17. Ne3 bxc3 18. bxc3 d4 19. cxd4 cxd4 20. Nc4 Nd5 21. Bd2 Nc3
22. Bxc3 dxc3 23. Nd6 Rxd6 24. exd6 Nb4 25. d7 Rd8 26. Ne5 Bxg2 27. Kxg2 f6 28.
Nc4 Rxd7 29. Qxe6+ Qxe6 30. Rxe6 Nxd3 31. Ne3 Rb7 32. Rd1 Nc5 33. Rc6 Na4 34.
Rd4 Nb6 35. Rxc3 f5 36. Rd8+ Kf7 37. Rcd3 Ke7 38. h5 Nd7 39. Rc8 Kf7 40. Nc4
Ke7 41. Nd6 Rb2 42. Rc7 Ke6 43. Rxd7 Kxd7 44. Nc4+ Ke6 45. Nxb2 Bxb2 46. Rb3
Bd4 47. Rb7 1-0

[Event "ICC tourney 1897 (3 2)"]
[Site "Internet Chess Club"]
[Date "2020.07.03"]
[Round "6"]
[White "nicochasin"]
[Black "Sina101"]
[Result "1-0"]
[WhiteElo "1774"]
[BlackElo "1363"]
[PlyCount "73"]
[EventDate "2020.??.??"]

1. e4 c5 2. Nf3 e6 3. d4 cxd4 4. Nxd4 Nc6 5. Nc3 Qc7 6. g3 a6 7. Bg2 d6 8. O-O
Bd7 9. Re1 Be7 10. f4 Nf6 11. Be3 Rc8 12. Nxc6 Bxc6 13. g4 h5 14. h3 hxg4 15.
hxg4 Nd7 16. g5 Kf8 17. Qg4 g6 18. Rad1 b5 19. Bd4 e5 20. Be3 exf4 21. Bxf4 Ne5
22. Qg3 Kg7 23. Nd5 Bxd5 24. exd5 f6 25. gxf6+ Bxf6 26. Be4 Rcg8 27. Rf1 Qa7+
28. Kg2 Kf7 29. Bxe5 dxe5 30. Qxe5 Rh2+ 31. Qxh2 Qe3 32. Qc7+ Kf8 33. Rxf6+ Ke8
34. Qf7+ Kd8 35. Qxg8+ Kc7 36. Qg7+ Kb8 37. Rf8# 1-0

[Event "ICC tourney 1897 (3 2)"]
[Site "Internet Chess Club"]
[Date "2020.07.03"]
[Round "5"]
[White "penguingm1"]
[Black "nicochasin"]
[Result "1-0"]
[WhiteElo "2818"]
[BlackElo "1775"]
[PlyCount "53"]
[EventDate "2020.??.??"]

1. d4 Nf6 2. c4 e6 3. Nc3 Bb4 4. Qc2 d5 5. cxd5 exd5 6. Bg5 h6 7. Bh4 O-O 8. e3
Be7 9. Bd3 c6 10. Nge2 Re8 11. O-O Bg4 12. f3 Be6 13. Rad1 Nbd7 14. h3 Rc8 15.
Qd2 Qa5 16. Bf2 c5 17. Bb1 c4 18. e4 dxe4 19. fxe4 Nb6 20. e5 Nfd5 21. Nxd5
Qxd5 22. Qc2 Bb4 23. Nf4 Qa5 24. Qh7+ Kf8 25. Bh4 f6 26. Ng6+ Kf7 27. Rxf6# 1-0

[Event "ICC tourney 1897 (3 2)"]
[Site "Internet Chess Club"]
[Date "2020.07.03"]
[Round "4"]
[White "nicochasin"]
[Black "Dlugy"]
[Result "0-1"]
[WhiteElo "1726"]
[BlackElo "2866"]
[PlyCount "42"]
[EventDate "2020.??.??"]

1. e4 c5 2. Nf3 d6 3. d4 cxd4 4. Nxd4 Nf6 5. Nc3 Nc6 6. Be3 e5 7. Nf3 Be7 8.
Bc4 O-O 9. a3 Na5 10. Ba2 Be6 11. Qd3 Rc8 12. Nd5 Bxd5 13. Bxd5 Nxd5 14. exd5
Nc4 15. Nd2 Nxe3 16. fxe3 b5 17. Ke2 f5 18. e4 Bg5 19. Nf3 fxe4 20. Qxe4 Rc4
21. Nxg5 Qxg5 0-1

[Event "ICC tourney 1897 (3 2)"]
[Site "Internet Chess Club"]
[Date "2020.07.03"]
[Round "2"]
[White "nicochasin"]
[Black "davika21"]
[Result "1-0"]
[WhiteElo "1632"]
[BlackElo "1563"]
[PlyCount "49"]
[EventDate "2020.??.??"]

1. e4 e5 2. Nf3 Nc6 3. Bc4 Be7 4. c3 Nf6 5. d4 d6 6. dxe5 dxe5 7. Qxd8+ Bxd8 8.
Nbd2 O-O 9. Bb5 Re8 10. Ke2 a6 11. Bd3 b5 12. Nb3 Be7 13. Be3 Be6 14. Nc5 Bxc5
15. Bxc5 Rad8 16. b3 Nd7 17. Be3 f6 18. Nd2 Kf7 19. a4 b4 20. Rac1 Nf8 21. Bxa6
bxc3 22. Rxc3 Nb4 23. Rxc7+ Re7 24. Rxe7+ Kxe7 25. Bc5+ 1-0

[Event "ICC tourney 1897 (3 2)"]
[Site "Internet Chess Club"]
[Date "2020.07.03"]
[Round "1"]
[White "ganzy"]
[Black "nicochasin"]
[Result "0-1"]
[WhiteElo "1346"]
[BlackElo "1617"]
[PlyCount "60"]
[EventDate "2020.??.??"]

1. e4 c5 2. Nf3 e6 3. d4 cxd4 4. Nxd4 Nc6 5. Nc3 Qc7 6. Be3 a6 7. Be2 Nf6 8.
O-O Bb4 9. Na4 Ba5 10. f3 b5 11. Nc5 d6 12. Ncb3 Bb6 13. Qd2 Bb7 14. Rad1 Ne5
15. g4 Ke7 16. g5 Nfd7 17. f4 Nc4 18. Bxc4 bxc4 19. Nc1 Bxe4 20. f5 Ne5 21. Rf4
d5 22. Rdf1 c3 23. bxc3 Nc4 24. Qe2 Nxe3 25. Qxe3 e5 26. Rxe4 dxe4 27. f6+ gxf6
28. Nf5+ Kf8 29. Nd4 Qxc3 30. Qe1 Qxe1 0-1

[Event "ICC tourney 1897 (3 2)"]
[Site "Internet Chess Club"]
[Date "2020.07.03"]
[Round "6"]
[White "Kokoro"]
[Black "NyzhnykIllia"]
[Result "0-1"]
[WhiteElo "1876"]
[BlackElo "1851"]
[PlyCount "54"]
[EventDate "2020.??.??"]

1. e4 c6 2. d4 d5 3. e5 Bf5 4. Nf3 e6 5. Be2 Ne7 6. O-O c5 7. Be3 Nec6 8. Nbd2
cxd4 9. Nxd4 Nxd4 10. Bxd4 Nc6 11. Be3 Nxe5 12. c4 d4 13. Bf4 Nc6 14. Bf3 Qd7
15. Nb3 Rd8 16. Bxc6 bxc6 17. c5 f6 18. Re1 e5 19. Bxe5 fxe5 20. Rxe5+ Be7 21.
Qe2 Kf7 22. Re1 Bf6 23. Qc4+ Kg6 24. R5e4 Bxe4 25. Rxe4 Rhe8 26. Qd3 Rxe4 27.
Qxe4+ Qf5 0-1

[Event "ICC tourney 1897 (3 2)"]
[Site "Internet Chess Club"]
[Date "2020.07.03"]
[Round "5"]
[White "NyzhnykIllia"]
[Black "fishbein"]
[Result "0-1"]
[WhiteElo "1833"]
[BlackElo "2521"]
[PlyCount "44"]
[EventDate "2020.??.??"]

1. d4 Nf6 2. c4 e6 3. Nc3 Bb4 4. Qc2 O-O 5. a3 Bxc3+ 6. Qxc3 b6 7. f3 d5 8. Bg5
h6 9. Bh4 c5 10. cxd5 Nxd5 11. Bxd8 Nxc3 12. Be7 Re8 13. Bxc5 bxc5 14. bxc3
cxd4 15. cxd4 Nc6 16. e3 Rb8 17. Ne2 Rd8 18. Nc3 Rb3 19. Kd2 Bb7 20. Ra2 Na5
21. Bd3 e5 22. Rb1 exd4 0-1

[Event "ICC tourney 1897 (3 2)"]
[Site "Internet Chess Club"]
[Date "2020.07.03"]
[Round "4"]
[White "Bo002"]
[Black "NyzhnykIllia"]
[Result "0-1"]
[WhiteElo "1683"]
[BlackElo "1809"]
[PlyCount "86"]
[EventDate "2020.??.??"]

1. d4 Nf6 2. c4 g6 3. Nc3 Bg7 4. e4 d6 5. Nge2 O-O 6. Ng3 c6 7. Be2 a6 8. O-O
b5 9. a3 e5 10. d5 cxd5 11. cxd5 Nbd7 12. Be3 Nb6 13. h3 Bd7 14. f4 exf4 15.
Bxf4 Ne8 16. Qd2 Be5 17. Rad1 Qe7 18. Qe3 Rb8 19. Bxe5 Qxe5 20. Qf4 Nc4 21.
Bxc4 bxc4 22. Qxe5 dxe5 23. Rd2 Nd6 24. Na2 Kg7 25. Nb4 Rb6 26. Rfd1 h5 27. Nc6
Re8 28. Nb4 h4 29. Nf1 Nxe4 30. Re2 Nd6 31. Nd2 a5 32. Nc6 Bxc6 33. dxc6 Rxc6
34. Nf3 e4 35. Nxh4 c3 36. bxc3 Nb5 37. Re3 Nxa3 38. Rd4 f5 39. g4 Nc2 40. Rd7+
Kf6 41. Rg3 f4 42. g5+ Ke6 43. Rg2 Kxd7 0-1

[Event "ICC tourney 1897 (3 2)"]
[Site "Internet Chess Club"]
[Date "2020.07.03"]
[Round "3"]
[White "NyzhnykIllia"]
[Black "nicochasin"]
[Result "0-1"]
[WhiteElo "1794"]
[BlackElo "1664"]
[PlyCount "92"]
[EventDate "2020.??.??"]

1. d4 Nf6 2. Nf3 e6 3. Bf4 b6 4. e3 Bb7 5. h3 d6 6. c4 Nbd7 7. Nc3 g6 8. Be2
Bg7 9. O-O O-O 10. Bh2 Qe7 11. Qc2 e5 12. Rfd1 a5 13. a3 c5 14. dxe5 Nxe5 15.
Nb5 Ne4 16. Nxe5 Bxe5 17. Bxe5 Qxe5 18. Bf3 Rad8 19. Nc7 f5 20. Nd5 b5 21. Qb3
b4 22. axb4 axb4 23. Ra7 Rf7 24. Raa1 g5 25. Qc2 Re8 26. Qe2 g4 27. Bxe4 Qxe4
28. h4 h5 29. Qd3 Qe5 30. Nf4 Rd8 31. b3 Qe7 32. Ra7 Qxh4 33. Ne6 Rdd7 34. Raa1
g3 35. fxg3 Qxg3 36. Nf4 Rfe7 37. Qxf5 Qxe3+ 38. Kh2 Rf7 39. Qg5+ Rg7 40. Re1
Rxg5 41. Rxe3 Rf7 42. Ra7 Rg4 43. Rg3 Rxg3 44. Kxg3 h4+ 45. Kh2 Be4 46. Ra8+
Bxa8 0-1

[Event "ICC tourney 1897 (3 2)"]
[Site "Internet Chess Club"]
[Date "2020.07.03"]
[Round "2"]
[White "Venegas"]
[Black "NyzhnykIllia"]
[Result "0-1"]
[WhiteElo "1425"]
[BlackElo "1831"]
[PlyCount "96"]
[EventDate "2020.??.??"]

1. Nf3 Nf6 2. g3 g6 3. Bg2 Bg7 4. O-O O-O 5. d3 d5 6. Nbd2 c5 7. a3 Nc6 8. Rb1
e5 9. c4 e4 10. Ne1 dxc4 11. Nxe4 Nxe4 12. Bxe4 Be6 13. Bg2 Qd7 14. Be3 Nd4 15.
Nf3 cxd3 16. Qxd3 Bf5 17. Qc4 b5 18. Qa2 Nxe2+ 19. Kh1 Bxb1 20. Qxb1 Rac8 21.
b4 c4 22. Bc5 Rfe8 23. Qc2 Nc3 24. h4 Re2 25. Qc1 Rce8 26. Qf4 R2e4 27. Qc1 Qd3
28. Ng5 R4e5 29. Qf4 Rf5 30. Qc7 h6 31. Nh3 Be5 32. Qc6 Re6 33. Qa8+ Kh7 34. f4
Qxg3 35. fxe5 Rxf1+ 36. Bxf1 Qxh4 37. Qxa7 Qe4+ 38. Bg2 Qf5 39. Bd4 Ne2 40. Bd5
Nxd4 41. Bxe6 Nxe6 42. Kg2 Kg7 43. Qb6 Qxe5 44. Nf2 c3 45. Qc6 Nf4+ 46. Kf3
Qe2+ 47. Kg3 Qe3+ 48. Kg4 f5+ 0-1

[Event "ICC tourney 1897 (3 2)"]
[Site "Internet Chess Club"]
[Date "2020.07.03"]
[Round "1"]
[White "NyzhnykIllia"]
[Black "pyaru536"]
[Result "1-0"]
[WhiteElo "1831"]
[BlackElo "1187"]
[PlyCount "129"]
[EventDate "2020.??.??"]

1. Nf3 Nf6 2. d4 d5 3. Bf4 c5 4. e3 Nc6 5. c3 Qb6 6. Qb3 c4 7. Qc2 Bf5 8. Qc1
e6 9. Nbd2 h6 10. h3 Be7 11. Be2 O-O 12. O-O Rfc8 13. b4 cxb3 14. axb3 Nb4 15.
Qb2 Nd3 16. Bxd3 Bxd3 17. Rfc1 Bf5 18. c4 dxc4 19. Nxc4 Qd8 20. Nfd2 Ne4 21. f3
Nxd2 22. Qxd2 b5 23. Na5 Qb6 24. e4 Bg6 25. Be3 Qd8 26. Nc6 Qd7 27. Ne5 Qd8 28.
Rxc8 Qxc8 29. Rc1 Qb7 30. d5 Rd8 31. Nc6 Rd7 32. Bxa7 exd5 33. exd5 Bf6 34. Be3
Kh7 35. b4 Qa8 36. Bf4 Qe8 37. Re1 Qc8 38. Ne5 Bxe5 39. Bxe5 Qd8 40. d6 Qa8 41.
Rc1 Qe8 42. Bg3 Qe6 43. Rc7 Bf5 44. Qd4 Rxc7 45. dxc7 Qd7 46. Qc5 Kg8 47. Be5
f6 48. Bd4 Be6 49. Kf2 Kf7 50. Be3 Kg8 51. g4 Kf7 52. Kg3 Kg8 53. h4 Kf7 54. g5
hxg5 55. hxg5 fxg5 56. Bxg5 Kg8 57. Bf4 Kf7 58. Be5 Kg8 59. Qe3 Kf7 60. Qg5 Kg8
61. Qd8+ Kf7 62. Qh8 Kg6 63. c8=Q Qxc8 64. Qxg7+ Kf5 65. Qf6# 1-0

[Event "ICC tourney 1897 (3 2)"]
[Site "Internet Chess Club"]
[Date "2020.07.03"]
[Round "11"]
[White "sirking2800"]
[Black "AdmiralMike"]
[Result "1-0"]
[WhiteElo "1573"]
[BlackElo "1635"]
[PlyCount "57"]
[EventDate "2020.??.??"]

1. e4 c5 2. Nf3 e6 3. d4 cxd4 4. Nxd4 Nc6 5. Nc3 Qc7 6. Be3 a6 7. Be2 Nf6 8.
O-O Bb4 9. Bd3 Ne5 10. Nce2 Neg4 11. Bf4 e5 12. Bg3 d6 13. Nf5 Bxf5 14. exf5 e4
15. Bxe4 Nxe4 16. f3 Bc5+ 17. Nd4 Qb6 18. c3 Nxg3 19. Re1+ Kd7 20. fxg4 Qxb2
21. hxg3 Qxc3 22. Re4 Rhe8 23. Rf4 Qxg3 24. Qf3 Re1+ 25. Rxe1 Qxe1+ 26. Kh2 Qe5
27. Qxb7+ Ke8 28. Qxa8+ Ke7 29. Nc6+ 1-0

[Event "ICC tourney 1897 (3 2)"]
[Site "Internet Chess Club"]
[Date "2020.07.03"]
[Round "10"]
[White "AdmiralMike"]
[Black "Taechess"]
[Result "0-1"]
[WhiteElo "1656"]
[BlackElo "1737"]
[PlyCount "52"]
[EventDate "2020.??.??"]

1. e4 e6 2. d4 d5 3. e5 c5 4. c3 Nc6 5. Nf3 Qb6 6. a3 a5 7. Bd3 Bd7 8. Bc2 c4
9. O-O Be7 10. g3 f6 11. Re1 f5 12. Ra2 Bd8 13. Bg5 Nge7 14. Qd2 O-O 15. Bf4
Ng6 16. Bg5 Bxg5 17. Qxg5 Be8 18. h4 Qd8 19. Qd2 f4 20. h5 fxg3 21. hxg6 Rxf3
22. gxh7+ Kh8 23. fxg3 Rxg3+ 24. Kf2 Qh4 25. Rf1 Bh5 26. Ke1 Re3# 0-1

[Event "ICC tourney 1897 (3 2)"]
[Site "Internet Chess Club"]
[Date "2020.07.03"]
[Round "9"]
[White "chesspro565"]
[Black "AdmiralMike"]
[Result "1-0"]
[WhiteElo "1623"]
[BlackElo "1670"]
[PlyCount "97"]
[EventDate "2020.??.??"]

1. d4 Nf6 2. c4 e6 3. Nf3 Bb4+ 4. Bd2 Qe7 5. Nc3 Bxc3 6. Bxc3 Ne4 7. Qc2 Nxc3
8. Qxc3 d6 9. e3 Nd7 10. Be2 O-O 11. O-O e5 12. dxe5 dxe5 13. b4 Re8 14. c5 Nf6
15. Rfd1 Bf5 16. Nd2 Rad8 17. Nc4 e4 18. Na5 c6 19. Nb3 Nd5 20. Qe1 Bg6 21. Nd4
f5 22. a3 Kh8 23. Bc4 Qf6 24. Ne2 Bf7 25. Rac1 Nc7 26. Bxf7 Qxf7 27. Nd4 f4 28.
exf4 Qxf4 29. Ne2 Qf6 30. Ng3 Rxd1 31. Rxd1 Qg6 32. Nf1 Nd5 33. Ne3 Nf4 34. Qd2
Nd3 35. Qc3 h6 36. h3 Rf8 37. Rf1 Nf4 38. Kh1 Nxh3 39. gxh3 Rf3 40. Kh2 Qh5 41.
Kg2 Rxh3 42. Rg1 Qg4+ 43. Kf1 Qf3 44. Qd2 Rh2 45. Qe2 Qh3+ 46. Ke1 Rh1 47. Rxh1
Qxh1+ 48. Kd2 Qh5 49. Qxh5 1-0

[Event "ICC tourney 1897 (3 2)"]
[Site "Internet Chess Club"]
[Date "2020.07.03"]
[Round "8"]
[White "AdmiralMike"]
[Black "searchforbobby1"]
[Result "0-1"]
[WhiteElo "1680"]
[BlackElo "1993"]
[PlyCount "76"]
[EventDate "2020.??.??"]

1. e4 c5 2. Nf3 Nc6 3. Bb5 a6 4. Bxc6 dxc6 5. d3 Bg4 6. h3 Bh5 7. Be3 b6 8. O-O
Qc7 9. a4 a5 10. Nbd2 e5 11. g4 Bg6 12. Nc4 f6 13. Nh4 Bf7 14. b3 g5 15. Nf5 h5
16. Kg2 Rd8 17. Qe2 Ne7 18. f3 Ng6 19. Rad1 Kd7 20. c3 Kc8 21. b4 Bxc4 22. dxc4
Rxd1 23. Rxd1 cxb4 24. cxb4 Bxb4 25. c5 Bxc5 26. Kg3 Bxe3 27. Qxe3 hxg4 28.
fxg4 Nf4 29. h4 gxh4+ 30. Kh2 Rd8 31. Rb1 c5 32. Nxh4 Rh8 33. Kg3 Rxh4 34. Qg1
Qh7 35. Qf1 Rh3+ 36. Kf2 Rh2+ 37. Ke3 Qh3+ 38. Qf3 Re2# 0-1

[Event "ICC tourney 1897 (3 2)"]
[Site "Internet Chess Club"]
[Date "2020.07.03"]
[Round "7"]
[White "ORSAJack88"]
[Black "AdmiralMike"]
[Result "1/2-1/2"]
[WhiteElo "1897"]
[BlackElo "1686"]
[PlyCount "168"]
[EventDate "2020.??.??"]

1. e4 c5 2. Nc3 a6 3. f4 b5 4. Nf3 Bb7 5. d3 e6 6. g3 d5 7. e5 Nc6 8. Bg2 h5 9.
h3 Nh6 10. O-O Nf5 11. Ne2 d4 12. c3 Be7 13. cxd4 cxd4 14. Bd2 Qb6 15. Rc1 Rd8
16. Qe1 Ne3 17. Bxe3 dxe3 18. Qc3 Nb4 19. Qc7 Qxc7 20. Rxc7 Bd5 21. Nfd4 Nxd3
22. Bxd5 Rxd5 23. Nc6 Bd8 24. Nxd8 Rxd8 25. Rf3 Nxb2 26. Rxe3 Nc4 27. Rb3 O-O
28. a4 Rd2 29. axb5 axb5 30. Rxb5 Ne3 31. Nc3 Ra8 32. Rb1 Rc2 33. Nb5 Raa2 34.
Rxc2 Rxc2 35. Nd6 Rg2+ 36. Kh1 Rxg3 37. Rb8+ Kh7 38. Nxf7 Rxh3+ 39. Kg1 Kg6 40.
Ng5 Rh4 41. Nxe6 Kf5 42. Nxg7+ Kxf4 43. Rf8+ Ke4 44. Kf2 Rh2+ 45. Ke1 Kxe5 46.
Re8+ Kd4 47. Rd8+ Ke4 48. Re8+ Kf3 49. Rf8+ Kg3 50. Re8 Ng4 51. Rh8 h4 52. Nf5+
Kf4 53. Rxh4 Ra2 54. Nd6 Kg3 55. Rh5 Ra1+ 56. Ke2 Ra6 57. Ne4+ Kf4 58. Nd2 Re6+
59. Kd3 Re3+ 60. Kc2 Re8 61. Rc5 Ne3+ 62. Kd3 Rd8+ 63. Ke2 Re8 64. Kf2 Ng4+ 65.
Kf1 Kg3 66. Rc3+ Kf4 67. Rc4+ Kg3 68. Rc3+ Ne3+ 69. Kg1 Kf4 70. Ra3 Rg8+ 71.
Kh1 Rh8+ 72. Kg1 Rd8 73. Nf1 Ng4 74. Ra4+ Kg5 75. Ra5+ Kh4 76. Ra7 Rd1 77. Rh7+
Kg5 78. Kg2 Rd6 79. Rg7+ Kf4 80. Rf7+ Nf6 81. Rg7 Ke5 82. Ng3 Rd2+ 83. Kf3 Nd5
84. Rg5+ Kd4 1/2-1/2

[Event "ICC tourney 1897 (3 2)"]
[Site "Internet Chess Club"]
[Date "2020.07.03"]
[Round "6"]
[White "AdmiralMike"]
[Black "Wizard98"]
[Result "0-1"]
[WhiteElo "1680"]
[BlackElo "1612"]
[PlyCount "54"]
[EventDate "2020.??.??"]

1. e4 c5 2. Nf3 Nc6 3. Bb5 g6 4. O-O Bg7 5. Re1 Nf6 6. e5 Nd5 7. Nc3 Nc7 8.
Bxc6 dxc6 9. d3 O-O 10. Ne4 b6 11. Be3 h6 12. Qd2 Kh7 13. c4 Bg4 14. Bf4 Bxf3
15. gxf3 Ne6 16. Bg3 Nd4 17. Kg2 Qd7 18. f4 Rad8 19. Rad1 Nf5 20. Qe2 Qe6 21.
Kh1 Rd7 22. Rd2 Rfd8 23. Red1 Nd4 24. Qf1 Nf3 25. Rc2 Qf5 26. Qg2 Qxe4 27. dxe4
Rxd1+ 0-1

[Event "ICC tourney 1897 (3 2)"]
[Site "Internet Chess Club"]
[Date "2020.07.03"]
[Round "5"]
[White "HartensChkmate"]
[Black "AdmiralMike"]
[Result "0-1"]
[WhiteElo "1491"]
[BlackElo "1692"]
[PlyCount "190"]
[EventDate "2020.??.??"]

1. c4 e5 2. g3 Nf6 3. Bg2 d5 4. cxd5 Nxd5 5. Nc3 Nb6 6. e3 Nc6 7. Nge2 Be7 8.
O-O O-O 9. f4 exf4 10. Nxf4 Ne5 11. d4 Ng6 12. e4 c5 13. d5 Ne5 14. b3 Bf6 15.
Bb2 Ng6 16. Qe2 Bd4+ 17. Kh1 Ne5 18. Nb5 Bxb2 19. Qxb2 Re8 20. Rac1 a6 21. Nc3
Qd6 22. Qd2 Nbd7 23. Nd3 b5 24. Nxe5 Nxe5 25. Ne2 Bd7 26. Nf4 Rac8 27. Qf2 Re7
28. Rc2 c4 29. bxc4 bxc4 30. Rfc1 Rf8 31. Qd4 Bb5 32. Ne2 Nd3 33. Rf1 Nc5 34.
Nc3 Rfe8 35. Rcf2 f6 36. a4 Nxa4 37. Nxa4 Bxa4 38. Qxc4 Bb5 39. Qb3 Bxf1 40.
Rxf1 Kh8 41. Ra1 f5 42. Qa3 Qxa3 43. Rxa3 fxe4 44. Rxa6 e3 45. Ra1 e2 46. Re1
Re3 47. Kg1 Kg8 48. Kf2 Kf8 49. Bf3 R3e7 50. Rxe2 Rxe2+ 51. Bxe2 Ke7 52. Bf3
Kd6 53. Kg2 Rc8 54. Kh3 Rc3 55. Kg4 Ke5 56. h4 Rc4+ 57. Kh3 Rc3 58. Bg2 g6 59.
Bh1 Rc5 60. Bf3 Rc3 61. Bg2 h5 62. Bh1 Rc2 63. Bg2 Rc3 64. Bh1 Rc5 65. Bf3 Rc1
66. g4 Rc3 67. Kg3 hxg4 68. Kxg4 Rc4+ 69. Kg3 Rc3 70. Kf2 Rc4 71. Ke3 Rxh4 72.
Kf2 Rf4 73. Kg3 g5 74. Bg2 Rf8 75. Kg4 Rf2 76. Bh1 Rh2 77. Bf3 Kf6 78. Kg3 Rd2
79. Kg4 Rd4+ 80. Kg3 Ke5 81. Kh3 Rf4 82. Kg3 Rf8 83. Kg4 Rf4+ 84. Kg3 Rb4 85.
Bg2 g4 86. Bh1 Rd4 87. Bg2 Kf5 88. Bh1 Rd3+ 89. Kf2 Kf4 90. Bg2 g3+ 91. Kg1
Rd1+ 92. Bf1 Kf3 93. d6 g2 94. d7 Rxf1+ 95. Kh2 Rh1# 0-1

[Event "ICC tourney 1897 (3 2)"]
[Site "Internet Chess Club"]
[Date "2020.07.03"]
[Round "4"]
[White "AdmiralMike"]
[Black "bpovo1394"]
[Result "1-0"]
[WhiteElo "1687"]
[BlackElo "923"]
[PlyCount "91"]
[EventDate "2020.??.??"]

1. e4 c6 2. d4 d5 3. exd5 cxd5 4. Nf3 Nc6 5. Bd3 Nf6 6. c3 Bg4 7. O-O e6 8. h3
Bh5 9. Nbd2 Be7 10. Re1 O-O 11. Qc2 Bg6 12. Ne5 Nxe5 13. dxe5 Nd7 14. f4 Qb6+
15. Kh1 Nc5 16. Bxg6 hxg6 17. Nf3 Ne4 18. Be3 Qa6 19. Kh2 Rfc8 20. a3 b5 21.
Rad1 Qb7 22. Nd4 Bh4 23. Rf1 a5 24. Nf3 Be7 25. Bd4 b4 26. axb4 axb4 27. Qd3
bxc3 28. bxc3 Ra2 29. Rb1 Qa8 30. Rfc1 Qa3 31. Rc2 g5 32. fxg5 Nxg5 33. Rbc1
Ne4 34. Qe2 Rxc2 35. Rxc2 Qa1 36. c4 Qb1 37. Rb2 Qc1 38. cxd5 Qf4+ 39. Kg1 Rc1+
40. Ne1 Ng3 41. Qf2 Rxe1+ 42. Qxe1 Ne4 43. Be3 Bh4 44. Bxf4 Bxe1 45. Re2 Bd2
46. Rxe4 1-0

[Event "ICC tourney 1897 (3 2)"]
[Site "Internet Chess Club"]
[Date "2020.07.03"]
[Round "3"]
[White "rishibabu"]
[Black "AdmiralMike"]
[Result "1-0"]
[WhiteElo "1552"]
[BlackElo "1710"]
[PlyCount "85"]
[EventDate "2020.??.??"]

1. e4 c5 2. Nf3 e6 3. d4 cxd4 4. Nxd4 Nc6 5. Nc3 Qc7 6. g3 a6 7. Bg2 Nf6 8. O-O
d6 9. Re1 Bd7 10. Nd5 Qd8 11. Bg5 Be7 12. Nxc6 bxc6 13. Nxe7 Qxe7 14. Bxf6 gxf6
15. Qd3 Rd8 16. Qxa6 c5 17. Rad1 Bc8 18. Qc6+ Qd7 19. Qxd7+ Rxd7 20. e5 d5 21.
exf6 Bb7 22. Re5 Kd8 23. c4 Kc7 24. cxd5 exd5 25. Re7 Rhd8 26. Bxd5 Kb6 27.
Rxd7 Rxd7 28. Bb3 Rc7 29. Rd6+ Ka5 30. f3 c4 31. Bc2 Bxf3 32. Rd4 c3 33. bxc3
Rxc3 34. Bb3 Bc6 35. Rd6 Rc1+ 36. Kf2 Be4 37. Bxf7 Rc2+ 38. Ke3 Bh1 39. Bb3
Rc3+ 40. Kf4 Rf3+ 41. Kg5 Rf1 42. f7 Be4 43. Rf6 1-0

[Event "ICC tourney 1897 (3 2)"]
[Site "Internet Chess Club"]
[Date "2020.07.03"]
[Round "1"]
[White "playtowin2020"]
[Black "AdmiralMike"]
[Result "0-1"]
[WhiteElo "1504"]
[BlackElo "1759"]
[PlyCount "102"]
[EventDate "2020.??.??"]

1. e4 c5 2. Nf3 e6 3. d4 cxd4 4. Nxd4 Nc6 5. Nxc6 bxc6 6. Bd3 d5 7. exd5 cxd5
8. O-O Nf6 9. Re1 Bd6 10. c3 O-O 11. Nd2 Qc7 12. Nf1 e5 13. Bg5 Ne8 14. Bc2 Be6
15. Ng3 f5 16. Bxf5 Bxf5 17. Qxd5+ Kh8 18. Qxa8 Nf6 19. Qf3 Bg4 20. Qd3 Bc5 21.
Bxf6 gxf6 22. h3 Be6 23. b3 f5 24. Nf1 e4 25. Qe2 Bd5 26. c4 Bb7 27. Qb2+ Kg8
28. Ne3 Qf7 29. Rad1 f4 30. Ng4 Qg6 31. Rd7 Bc8 32. Rd5 Bb6 33. Ne5 Qg7 34. Kh2
e3 35. fxe3 Qg3+ 36. Kh1 Qxe1+ 37. Kh2 Qg3+ 38. Kh1 Bxe3 39. Nf3 Bf5 40. Qe2
Be4 41. Rf5 Bxf5 42. Qe1 Qxe1+ 43. Nxe1 Be4 44. Nf3 Bxf3 45. gxf3 Rd8 46. Kh2
Rd2+ 47. Kh1 Rxa2 48. h4 Rb2 49. c5 Rxb3 50. c6 Rc3 51. c7 Rxc7 0-1

[Event "ICC tourney 1897 (3 2)"]
[Site "Internet Chess Club"]
[Date "2020.07.03"]
[Round "8"]
[White "kptl132"]
[Black "mangolamb"]
[Result "0-1"]
[WhiteElo "1498"]
[BlackElo "1768"]
[PlyCount "54"]
[EventDate "2020.??.??"]

1. e4 e5 2. Nf3 Nc6 3. Bc4 Bc5 4. c3 Nf6 5. d4 exd4 6. cxd4 Bb4+ 7. Nbd2 d5 8.
exd5 Nxd5 9. O-O O-O 10. a3 Be7 11. b4 a6 12. Ne4 Bf5 13. Ng3 Be6 14. Qb3 Bf6
15. Bb2 Re8 16. Rae1 b5 17. Bd3 Ne3 18. Qc3 Nxf1 19. Qxc6 Nxg3 20. hxg3 Bd5 21.
Rxe8+ Qxe8 22. Qxc7 Rc8 23. Qf4 Bxf3 24. gxf3 Qd8 25. Kg2 g6 26. Bb1 Rc4 27.
Ba2 Rc2 0-1

[Event "ICC tourney 1897 (3 2)"]
[Site "Internet Chess Club"]
[Date "2020.07.03"]
[Round "7"]
[White "kptl132"]
[Black "kapish"]
[Result "1-0"]
[WhiteElo "1504"]
[BlackElo "1727"]
[PlyCount "71"]
[EventDate "2020.??.??"]

1. e4 e6 2. d4 d5 3. exd5 exd5 4. Bd3 Bd6 5. c4 c6 6. Nc3 Nf6 7. Nge2 O-O 8.
O-O dxc4 9. Bxc4 Bg4 10. f3 Bf5 11. Ng3 Bxg3 12. hxg3 Nbd7 13. g4 Bg6 14. f4
Be4 15. g5 Bd5 16. Nxd5 Nxd5 17. Qh5 Re8 18. Bd3 g6 19. Qh4 Qb6 20. Rf3 Qxd4+
21. Kh2 Nb4 22. Rh3 Nf8 23. Bb1 Re2 24. a3 Nc2 25. Bxc2 Rxc2 26. Be3 Qxb2 27.
Rg1 Re8 28. f5 Re2 29. Bd4 Qd2 30. Bc5 h5 31. gxh6 Nh7 32. fxg6 fxg6 33. Qc4+
Kh8 34. Bd4+ Qxd4 35. Qxd4+ R2e5 36. Re3 1-0

[Event "ICC tourney 1897 (3 2)"]
[Site "Internet Chess Club"]
[Date "2020.07.03"]
[Round "6"]
[White "PushU2Blunders"]
[Black "kptl132"]
[Result "1-0"]
[WhiteElo "1792"]
[BlackElo "1456"]
[PlyCount "55"]
[EventDate "2020.??.??"]

1. e4 c5 2. Nf3 Nc6 3. d4 cxd4 4. Nxd4 g6 5. c4 Bg7 6. Be3 Nf6 7. Nc3 O-O 8.
Be2 d6 9. O-O Bd7 10. Qd2 Rc8 11. f3 a6 12. Rac1 Ne5 13. b3 Qc7 14. Bh6 Qb8 15.
Bxg7 Kxg7 16. f4 Nc6 17. Nxc6 Bxc6 18. Bf3 e5 19. f5 b5 20. Nd5 Bxd5 21. exd5
bxc4 22. bxc4 Rc5 23. fxg6 fxg6 24. Rb1 Qa7 25. Qe3 Qc7 26. Rb2 Rxc4 27. Rfb1
Rc1+ 28. Rxc1 1-0